Liefde en die popster / (Record no. 791537)

MARC details
000 -LEADER
fixed length control field 00679nam a22002297b 4500
003 - CONTROL NUMBER IDENTIFIER
control field 3228
005 - DATE AND TIME OF LATEST TRANSACTION
control field 20260121131304.0
008 - FIXED-LENGTH DATA ELEMENTS--GENERAL INFORMATION
fixed length control field 260121b sa |||||d|||| 00| 1 AFR d
020 ## - INTERNATIONAL STANDARD BOOK NUMBER
International Standard Book Number 9780799334739 (hardback)
040 ## - CATALOGING SOURCE
Original cataloging agency MPL
Language of cataloging eng
Transcribing agency 2000
Description conventions Resource Description and Access
041 ## - LANGUAGE CODE
Language code of text/sound track or separate title Afrikaans
082 #0 - DEWEY DECIMAL CLASSIFICATION NUMBER
Classification number LP AF HAME
100 ## - MAIN ENTRY--PERSONAL NAME
9 (RLIN) 147965
Personal name Hamersma, Elsa
Relator term author
245 ## - TITLE STATEMENT
Title Liefde en die popster /
Statement of responsibility, etc. Elsa Hamersma
250 ## - EDITION STATEMENT
Edition statement Grootdrukuitgawe
260 ## - PUBLICATION, DISTRIBUTION, ETC.
Place of publication, distribution, etc. Pretoria :
Name of publisher, distributor, etc. LAPA Uitgewers ,
Date of publication, distribution, etc. 2002,
-- ©2005,
-- 2005.
300 ## - PHYSICAL DESCRIPTION
Extent 127 pages (large print) :
Dimensions 21 cm
655 #0 - INDEX TERM--GENRE/FORM
9 (RLIN) 189056
Genre/form data or focus term Afrikaans Fiction
655 #0 - INDEX TERM--GENRE/FORM
9 (RLIN) 198295
Genre/form data or focus term Large Print
655 #0 - INDEX TERM--GENRE/FORM
9 (RLIN) 188216
Genre/form data or focus term Light Romance
942 ## - ADDED ENTRY ELEMENTS
Source of classification or shelving scheme Dewey Decimal Classification
item type Books
-- 296
-- Phillipina Naude
-- 296
-- Phillipina Naude
Holdings
Withdrawn status Lost status Source of classification or shelving scheme Damaged status Not for loan Collection code Home library Current library Shelving location Date acquired Total Checkouts Full call number Barcode Date last seen Price effective from item type Public note
    Dewey Decimal Classification     Fiction Klipfontein PL (MMID-PLEM-KLIP) Klipfontein PL (MMID-PLEM-KLIP) Fiction 21.01.2026   LP AF HAME 76658 21.01.2026 21.01.2026 Books D115790
    Dewey Decimal Classification     Fiction Volksrust Volksrust Fiction 12.05.2026   LP AF HAME 33228017438548 12.05.2026 12.05.2026 Books